Statistiques concernant Top 15 des pays avec les décès de Covid-19 - 17 novembre 2021

Cliquez ici pour prendre le quiz!

Statistiques générales

  • Ce quiz a été pris 20 fois
  • Le résultat moyen est 12 sur 26

Statistiques - réponses

pays% Correct
Etats-Unis
100%
France
100%
Brésil
89%
Russie
89%
Allemagne
83%
Inde
83%
Italie
83%
Mexique
83%
Royaume-Uni
78%
Argentine
72%
Indonésie
56%
Pérou
44%
Colombie
39%
Afrique du Sud
28%
Croatie
22%
Hongrie
22%
Iran
22%
Tchèquie
17%
Bosnie-Herzégovine
11%
Bulgarie
11%
Macédoine du Nord
11%
Roumanie
11%
Slovaquie
11%
Slovénie
11%
Géorgie
6%
Lituanie
0%

Distribution des résultats

Percentile par nombre de réponses

% des personnes avec chaque résultat

Votre développement - résultats

Vous n’avez pas pris ce quiz